000 00695nam a22002177a 4500
003 UA-OsUOA
001 110585
007 ta
008 20150324b un ||||| |||| 00| 0 ukr d
100 _aГрекало Т.
090 _a82
_bГ80
942 _cSA
040 _aUA-OsUOA
_bukr
_cUA-OsUOA
_dUA-OsUOA
245 _aМикола Вінграновський. Цикл уроків із вивчення творчості письменника
300 _aС.10-15
955 _a0
041 _aukr
080 _a82
773 0 _w110584
_tУкраїнська мова та література
_dК.
_d2015
_g5
650 7 _a82 Література. Літературознавство
_2UDC
999 _c396735
_d396735